Mercado público : nivel de cumplimiento del sistema administrativo licitatorio de la Ilustre Municipalidad de Viña del Mar, primer semestre 2011

Se hace un análisis de la situación y el problema que se presenta al interior de la Ilustre Municipalidad de Viña del Mar, colocándolo dentro del contexto de la Ley de Compras Nº 19.886, con el fin de determinar la pregunta de investigación, la cual se enfoca en el nivel de cumplimiento del Sistema...

Full description

Bibliographic Details
Main Author: Parraguez Méndez, Ruby
Other Authors: Jara Jara, Cristian (profesor guía)
Format: Tesis
Language:Spanish
Published: Santiago, Chile: Universidad Academia de Humanismo Cristiano, 2014.
Subjects:

MARC

LEADER 00000nmm a22000007a 4500
001 043061
003 UAHC_CL
005 20230711124843.0
008 140815s2014 cl o d 000 spa
040 |a UAHC_CL  |c UAHC_CL  |d UAHC_CL 
100 1 |a Parraguez Méndez, Ruby 
245 1 0 |a Mercado público :  |b nivel de cumplimiento del sistema administrativo licitatorio de la Ilustre Municipalidad de Viña del Mar, primer semestre 2011   |c Ruby Parraguez; profesor guía Cristian Jara. 
260 |a Santiago, Chile:  |b Universidad Academia de Humanismo Cristiano,  |c 2014. 
300 |a 162 páginas. 
500 |a Tesis para optar al título de Administrador/a Público/a y al grado de Licenciado/a en Ciencias Políticas y Administrativas. 
502 |a Tesis (Administración Pública) --Universidad Academia de Humanismo Cristiano, 2014. 
516 |a Tesis electrónica (PDF). Solicitar envío de documento a biblioteca@academia.cl. 
520 |a Se hace un análisis de la situación y el problema que se presenta al interior de la Ilustre Municipalidad de Viña del Mar, colocándolo dentro del contexto de la Ley de Compras Nº 19.886, con el fin de determinar la pregunta de investigación, la cual se enfoca en el nivel de cumplimiento del Sistema Administrativo Licitatorio de la Unidad de Abastecimiento primer semestre 2011, pues esta es la Unidad encargada de realizar todas las licitaciones al interior de la Municipalidad. 
650 0 |a Municipios  |x Gobierno y administración  |z Chile  |9 5972 
650 0 |a Municipios  |z Chile  |9 6705  |x Planificación 
700 1 |a Jara Jara, Cristian  |e profesor guía 
900 |a TADPU 200 
942 |c TS 
952 |0 0  |1 0  |4 0  |6 TADPU_200_000000000000000  |7 0  |8 COMP  |9 80509  |a BC  |b BC  |c Digital  |d 2017-08-03  |o TADPU 200  |r 2019-01-08 00:00:00  |w 2017-08-03  |y TS  |z Documento en PDF  |B ADM 
999 |c 43061  |d 43061